000 00499nam a2200169 i 4500
001 27148
003 ES-MaACL
005 20230906153552.0
007 t|
008 030113s1973 sp ||||1| spa d
100 1 _aAxelos, Kostas.
_924096
245 1 0 _aArgumentos para una investigación /
_cKostas Axelos ; traducción, Carlos Manzano.
260 _a[Madrid] :
_bFundamentos,
_c[1973]
300 _a231 p. ;
_c19 cm.
700 1 _aManzano, Carlos.
_976216
852 _aES-MaACL
_jC-54499
_bR.87141
999 _c27148
_d27148